[Event "World Rapid 2019"]
[Site "Moscow RUS"]
[Date "2019.12.28"]
[Round "15"]
[White "Aravindh, Chithambaram VR."]
[Black "Najer, Evgeniy"]
[Result "1/2-1/2"]
[WhiteElo "2508"]
[BlackElo "2626"]
[EventDate "2019.12.26"]
[Board "43"]

1. d4 Nf6 2. c4 e6 3. Nc3 Bb4 4. Nf3 b6 5. Bg5 Bb7 6. Nd2 h6 7. Bh4 Bxc3 8.
bxc3 d6 9. e3 Nbd7 10. f4 Qe7 11. Bd3 O-O-O 12. O-O g5 13. Bg3 gxf4 14.
Rxf4 Rhg8 15. e4 e5 16. Rf1 exd4 17. cxd4 Nxe4 18. Bxe4 Bxe4 19. Qe2 Rde8
20. Rae1 f5 21. c5 dxc5 22. Rxf5 Bxf5 23. Qa6+ Kb8 24. Rxe7 Rxe7 25. d5 Ne5
26. Qf1 Rf8 27. h3 Ree8 28. Qa1 Nf7 29. Qg7 Bd3 30. Kh2 h5 31. a4 Rd8 32.
a5 Nd6 33. Bxd6 cxd6 34. Nf3 Be4 35. axb6 axb6 36. Ne5 dxe5 37. Qxe5+ Ka7
38. Qxe4 Rf7 39. Qa4+ Kb8 40. Qc6 Rb7 41. d6 h4 42. Kg1 b5 43. Qxc5 b4 44.
Qe5 Rdd7 45. Qh8+ Ka7 46. Qa1+ Kb6 47. Qd4+ Ka5 48. Qd5+ Ka6 49. Qc4+ Ka5
50. Qd5+ Rb5 51. Qc6 Rbb7 52. Qd5+ Rb5 53. Qc6 Rbb7 54. Qd5+ Ka6 55. Qa2+
Kb5 56. Qd5+ Ka6 57. Qa2+ 1/2-1/2

[Event "World Rapid 2019"]
[Site "Moscow RUS"]
[Date "2019.12.28"]
[Round "15"]
[White "Sarana, Alexey"]
[Black "Salgado Lopez, Ivan"]
[Result "1/2-1/2"]
[WhiteElo "2618"]
[BlackElo "2527"]
[EventDate "2019.12.26"]
[Board "44"]

1. e4 e5 2. Nf3 Nc6 3. Bb5 Nf6 4. d3 Bc5 5. c3 O-O 6. O-O d6 7. h3 Ne7 8.
d4 Bb6 9. Re1 Ng6 10. Be3 exd4 11. Bxd4 c6 12. Bf1 Re8 13. Nbd2 d5 14. exd5
Rxe1 15. Qxe1 Nxd5 16. Nc4 Bc7 17. Rd1 Be6 18. Ne3 Nxe3 19. Bxe3 Qf8 20. a3
Bd5 21. Nd4 Qd6 22. g3 Qf6 23. c4 Be4 24. Bg5 Qxg5 25. Qxe4 Rd8 26. Nf5 Nf8
27. Rxd8 Qxd8 28. c5 g6 29. Ne3 Ne6 30. b4 Qd4 31. Qxd4 Nxd4 32. Bc4 Kg7
33. Kg2 f5 34. f4 Kf6 35. h4 h6 36. Kf2 1/2-1/2

[Event "World Rapid 2019"]
[Site "Moscow RUS"]
[Date "2019.12.28"]
[Round "15"]
[White "Murzin, Volodar"]
[Black "Ivanisevic, Ivan"]
[Result "1/2-1/2"]
[WhiteElo "2341"]
[BlackElo "2617"]
[EventDate "2019.12.26"]
[Board "45"]

1. e4 c6 2. Nf3 d5 3. Nc3 dxe4 4. Nxe4 Nf6 5. Nxf6+ exf6 6. Bc4 Qe7+ 7. Qe2
Qxe2+ 8. Bxe2 Bd6 9. O-O O-O 10. d4 Bf5 11. c3 Nd7 12. h3 Rfe8 13. Re1 a5
14. Be3 Nb6 15. Rad1 Bc2 16. Rc1 Be4 17. Nd2 Bf5 18. Nc4 Nxc4 19. Bxc4 b5
20. Bf1 Be4 21. Bd2 a4 22. a3 g5 23. g3 h6 24. Bg2 f5 25. Re3 Re6 26. c4
bxc4 27. Rxc4 Bf8 28. g4 Bxg2 29. Kxg2 fxg4 30. hxg4 Ra6 31. Rxe6 fxe6 32.
Kf3 Kf7 33. Ke4 Bd6 34. Bb4 Ke7 35. f3 Rb6 36. Bc3 Ra6 37. Bb4 Rb6 38. Bc3
Ra6 39. Bb4 Rb6 40. Bc3 1/2-1/2

[Event "World Rapid 2019"]
[Site "Moscow RUS"]
[Date "2019.12.28"]
[Round "15"]
[White "Nihal, Sarin"]
[Black "Amin, Bassem"]
[Result "1/2-1/2"]
[WhiteElo "2292"]
[BlackElo "2610"]
[EventDate "2019.12.26"]
[Board "46"]

1. d4 f5 2. g3 Nf6 3. Bg2 e6 4. Nf3 Be7 5. O-O O-O 6. c4 d6 7. Nc3 Qe8 8.
b3 Ne4 9. Bb2 Bf6 10. Nxe4 fxe4 11. Ne1 Qg6 12. f3 Nc6 13. fxe4 e5 14. Nf3
exd4 15. Nxd4 Qg5 16. Nxc6 bxc6 17. Bxf6 Rxf6 18. Qd4 c5 19. Qd5+ Qxd5 20.
exd5 Bd7 21. Rxf6 gxf6 22. Be4 a5 23. Rf1 Kg7 24. Bf5 Be8 25. Rf3 Bh5 26.
Re3 Re8 27. Rxe8 Bxe8 28. Kf2 Bh5 29. Ke3 h6 30. a3 Kf8 31. Kd2 Ke7 32. Bd3
Bg4 33. Ke3 Kf7 34. Kf4 Bd7 35. Bf5 Be8 36. h4 Kg7 37. g4 h5 38. g5 Bf7 39.
Be4 Be8 40. Bd3 Bd7 41. Bf5 Be8 42. Be4 Bd7 43. Bf3 Be8 44. e3 Bg6 45. e4
Be8 46. Bg2 Bd7 47. Bf1 Bg4 48. Bd3 Kf7 49. Bc2 Kg7 50. Bd3 Kf7 51. Bc2
1/2-1/2

[Event "World Rapid 2019"]
[Site "Moscow RUS"]
[Date "2019.12.28"]
[Round "15"]
[White "Perunovic, Milos"]
[Black "Abdusattorov, Nodirbek"]
[Result "1-0"]
[WhiteElo "2599"]
[BlackElo "2418"]
[EventDate "2019.12.26"]
[Board "48"]

1. e4 c5 2. Nc3 d6 3. f4 g6 4. Nf3 Bg7 5. Bb5+ Bd7 6. Bc4 Nc6 7. d3 e6 8.
f5 exf5 9. O-O Nge7 10. Qe1 O-O 11. Qh4 Be8 12. Bh6 fxe4 13. Ng5 Bd4+ 14.
Kh1 Nf5 15. Rxf5 gxf5 16. Rf1 Bd7 17. Nd5 Be6 18. dxe4 Re8 19. exf5 Bxd5
20. Bxd5 Qf6 21. Bxf7+ Kh8 22. Bd5 Re7 23. Qh5 Be3 24. Nf7+ Rxf7 25. Bxe3
Re7 26. Bg5 Qxf5 27. Kg1 Qg6 28. Qxg6 hxg6 29. Bxc6 Re2 30. Bxb7 Rae8 31.
h4 Rxc2 32. Rf7 Kg8 33. Bd5 Ree2 34. Rxa7+ Kf8 35. Rf7+ Ke8 36. Rf6 Kd7 37.
Rxg6 Rxb2 38. h5 c4 39. h6 1-0

[Event "World Rapid 2019"]
[Site "Moscow RUS"]
[Date "2019.12.28"]
[Round "15"]
[White "Jakovenko, Dmitry"]
[Black "Sadhwani, Raunak"]
[Result "1-0"]
[WhiteElo "2748"]
[BlackElo "2358"]
[EventDate "2019.12.26"]
[Board "49"]

1. e4 c5 2. Nf3 d6 3. d4 cxd4 4. Nxd4 Nf6 5. Nc3 Nc6 6. Bg5 e6 7. Qd2 a6 8.
O-O-O Bd7 9. f3 Be7 10. Be3 Ne5 11. f4 Nc6 12. Be2 Rc8 13. g4 b5 14. Bf3 b4
15. Nce2 Nxd4 16. Nxd4 h6 17. Kb1 a5 18. g5 hxg5 19. fxg5 Nh5 20. g6 fxg6
21. Qg2 g5 22. h4 Nf4 23. Bxf4 gxf4 24. e5 Kf8 25. Rhg1 Rg8 26. Qg4 Qe8 27.
Nxe6+ 1-0

[Event "World Rapid 2019"]
[Site "Moscow RUS"]
[Date "2019.12.28"]
[Round "15"]
[White "Socko, Bartosz"]
[Black "Can, Emre"]
[Result "0-1"]
[WhiteElo "2691"]
[BlackElo "2516"]
[EventDate "2019.12.26"]
[Board "50"]

1. d4 g6 2. e4 Bg7 3. Nc3 d6 4. h3 a6 5. a4 Nf6 6. Nge2 O-O 7. Be3 e5 8. d5
c6 9. g3 cxd5 10. exd5 Nh5 11. g4 Nf4 12. Nxf4 exf4 13. Bxf4 Qb6 14. Rb1
Qb4 15. Be3 f5 16. gxf5 Bxf5 17. Bg2 Nd7 18. Qd2 Ne5 19. Ne2 Qxd2+ 20. Kxd2
Nc4+ 21. Kc1 Rac8 22. Nc3 Nxe3 23. fxe3 Bxc3 24. bxc3 Rxc3 25. e4 Rfc8 26.
Rxb7 Rxc2+ 27. Kb1 Rxg2 28. exf5 gxf5 29. Rf1 Rf8 30. Rb6 f4 31. Rxd6 f3
32. Kc1 Ra2 33. Kb1 Rxa4 34. Kc2 f2 35. Kd3 Ra3+ 36. Ke4 Ra2 37. Ke3 Re8+
38. Kf3 Re5 39. Rd7 h5 40. h4 Rf5+ 41. Kg3 Ra4 42. d6 Rg4+ 43. Kh2 Rxh4+
44. Kg3 Rg4+ 45. Kh2 Rh4+ 46. Kg3 Rg4+ 47. Kh2 Rfg5 48. Kh3 Rf4 49. Re7 Kf8
50. Re2 Rd5 51. Rfxf2 Rxf2 52. Rxf2+ Ke8 53. Kh4 a5 54. Rb2 Kd7 55. Rb6
Rxd6 56. Rb5 Ra6 57. Rxh5 a4 58. Rh7+ Kc6 59. Rh6+ Kb5 60. Rh5+ Kb4 61. Rf5
a3 62. Rf4+ Kc3 63. Rf3+ Kd4 64. Rf4+ Ke5 0-1

[Event "World Rapid 2019"]
[Site "Moscow RUS"]
[Date "2019.12.28"]
[Round "15"]
[White "Guliyev, Namig"]
[Black "Vishnu Prasanna, V"]
[Result "0-1"]
[WhiteElo "2643"]
[BlackElo "2438"]
[EventDate "2019.12.26"]
[Board "51"]

1. e4 c5 2. Nf3 d6 3. Bb5+ Nd7 4. d4 Nf6 5. Nc3 a6 6. Bxd7+ Nxd7 7. O-O
cxd4 8. Qxd4 Qb6 9. Nd5 Qxd4 10. Nxd4 Rb8 11. c4 e6 12. Nc3 b6 13. b3 Bb7
14. Be3 Be7 15. f3 Bf6 16. Rac1 Ke7 17. Rfd1 g6 18. Nde2 Rhc8 19. a4 Nc5
20. Rb1 Be5 21. Bd4 f5 22. Bxe5 dxe5 23. exf5 gxf5 24. Kf2 Rd8 25. g3 Rxd1
26. Nxd1 Rd8 27. Ndc3 Rd3 28. f4 e4 29. b4 e3+ 30. Ke1 Ne4 31. Nxe4 Bxe4
32. c5 bxc5 33. bxc5 Bf3 34. Rc1 Rd2 35. Ng1 Bh5 36. c6 Kd8 37. c7+ Kc8 38.
h3 h6 39. a5 Rg2 40. Kf1 Rf2+ 41. Ke1 Rd2 42. g4 fxg4 43. Rc5 Rd5 44. Rc1
g3 0-1

[Event "World Rapid 2019"]
[Site "Moscow RUS"]
[Date "2019.12.28"]
[Round "15"]
[White "Popov, Ivan"]
[Black "Christiansen, Johan-Sebastian"]
[Result "1-0"]
[WhiteElo "2607"]
[BlackElo "2492"]
[EventDate "2019.12.26"]
[Board "52"]

1. e4 e5 2. Nf3 Nc6 3. Bc4 Nf6 4. d3 h6 5. c3 d6 6. Nbd2 g5 7. Nf1 Bg7 8.
Ne3 O-O 9. h3 Ne7 10. Bb3 a5 11. g4 Ng6 12. Nf5 d5 13. Qe2 a4 14. Bc2 Re8
15. h4 Bxf5 16. gxf5 Nf4 17. Bxf4 gxf4 18. a3 Qd6 19. Rg1 Kh8 20. Nd2 Qb6
21. O-O-O c6 22. Rg2 Ra5 23. Rdg1 Rg8 24. exd5 cxd5 25. Qxe5 d4 26. Qxf4
Nd5 27. Rxg7 Rxg7 28. Qb8+ Kh7 29. Rxg7+ Kxg7 30. Nc4 Qa7 31. Qe5+ f6 32.
Qg3+ Kf7 33. Qg6+ Ke7 34. Qg7+ Ke8 35. Qg8+ Ke7 36. Qe6+ Kd8 37. Nxa5 Qxa5
38. cxd4 Kc7 39. Bxa4 Kb8 40. Qd6+ Qc7+ 41. Qxc7+ Kxc7 42. Bb3 Ne7 43. Be6
Nc6 44. Kd2 Nxd4 45. Ke3 Nc6 46. Bd5 Ne7 47. Be4 b6 48. Kf4 Kd6 49. Kg4 Ke5
50. Kh5 Ng8 51. Kg6 1-0

[Event "World Rapid 2019"]
[Site "Moscow RUS"]
[Date "2019.12.28"]
[Round "15"]
[White "Iljiushenok, Ilia"]
[Black "Zvjaginsev, Vadim"]
[Result "0-1"]
[WhiteElo "2466"]
[BlackElo "2603"]
[EventDate "2019.12.26"]
[Board "54"]

1. e4 e5 2. Nf3 Nc6 3. d4 exd4 4. Nxd4 Nf6 5. Nxc6 bxc6 6. e5 Qe7 7. Qe2
Nd5 8. c4 Ba6 9. b3 Qh4 10. a3 Nf4 11. Qe4 Ng6 12. Qxh4 Nxh4 13. Nd2 Bb7
14. Bb2 c5 15. Rg1 d6 16. O-O-O O-O-O 17. g3 Nf3 18. Bh3+ Kb8 19. Nxf3 Bxf3
20. Rd3 Bc6 21. Rgd1 h5 22. e6 fxe6 23. Bxe6 Rh6 24. Bd5 Bxd5 25. Rxd5 Re8
26. Rf5 g6 27. Rf7 g5 28. Bf6 Rg6 29. Kd2 g4 30. Re1 Bh6+ 31. Kd1 Rxe1+ 32.
Kxe1 Bg5 33. Bxg5 Rxg5 34. f4 gxf3 35. Kf2 d5 36. h4 Re5 37. cxd5 Rxd5 38.
Rxf3 Rd2+ 39. Ke3 Ra2 40. a4 c4 41. Kf4 Kb7 42. bxc4 Rxa4 43. Rb3+ Kc6 44.
Kg5 Ra5+ 45. Rb5 Ra3 46. Kf4 Rc3 47. Rxh5 Rxc4+ 48. Kf3 Rc3+ 49. Kg2 Kb6
50. Rh8 a5 51. Rf8 Rc2+ 0-1

[Event "World Rapid 2019"]
[Site "Moscow RUS"]
[Date "2019.12.28"]
[Round "15"]
[White "Petrosyan, Manuel"]
[Black "Khanin, Semen"]
[Result "1-0"]
[WhiteElo "2378"]
[BlackElo "2602"]
[EventDate "2019.12.26"]
[Board "55"]

1. c4 e5 2. g3 c6 3. Bg2 d5 4. cxd5 cxd5 5. d4 e4 6. Nc3 Nf6 7. Bg5 Bb4 8.
Rc1 O-O 9. e3 Nbd7 10. Ne2 h6 11. Bxf6 Nxf6 12. Qb3 Qd6 13. O-O Bd7 14. a3
Bxc3 15. Nxc3 b5 16. f3 Rfe8 17. fxe4 dxe4 18. Qb4 Qxb4 19. axb4 a5 20.
Rxf6 gxf6 21. Nxe4 Rxe4 22. Bxe4 Re8 23. Bd5 axb4 24. Rc7 Rd8 25. Kf2 Be8
26. Bb7 Rd6 27. d5 Kf8 28. e4 Rd7 29. Rxd7 Bxd7 30. d6 f5 31. exf5 Bxf5 32.
Bc6 f6 33. Ke3 Kf7 34. Kd4 Ke6 35. Kc5 Bc2 36. d7 Ke7 37. Kxb4 1-0

[Event "World Rapid 2019"]
[Site "Moscow RUS"]
[Date "2019.12.28"]
[Round "15"]
[White "Indjic, Aleksandar"]
[Black "Harsha, Bharathakoti"]
[Result "0-1"]
[WhiteElo "2572"]
[BlackElo "2418"]
[EventDate "2019.12.26"]
[Board "56"]

1. d4 d5 2. c4 e6 3. Nc3 c6 4. e3 Nf6 5. Nf3 Nbd7 6. Qc2 Bd6 7. Rg1 dxc4 8.
g4 b5 9. e4 e5 10. g5 Nh5 11. Be3 Qe7 12. O-O-O O-O 13. Rg4 b4 14. Na4 b3
15. axb3 cxb3 16. Qxb3 exd4 17. Nxd4 Nc5 18. Nxc5 Bxg4 19. f3 Bf4 20. Na4
c5 21. Ne2 Bxf3 22. Nxf4 Bxd1 23. Qxd1 Qxe4 24. Nd5 Rad8 25. Nac3 Qxe3+ 26.
Nxe3 Rxd1+ 27. Kxd1 Re8 28. Ned5 Re5 29. h4 Ng3 30. Bd3 Kf8 31. Kd2 Nf5 32.
Bxf5 Rxf5 33. Ke2 h6 34. gxh6 gxh6 35. Ne3 Rf4 36. Kd3 Rxh4 37. Ne4 Rh2 38.
b3 h5 39. Nd1 h4 40. Nef2 Rg2 41. Ke4 a5 42. Kf4 c4 43. bxc4 a4 44. c5 a3
45. c6 Ke7 0-1

[Event "World Rapid 2019"]
[Site "Moscow RUS"]
[Date "2019.12.28"]
[Round "15"]
[White "Sakaev, Konstantin"]
[Black "Kezin, Roman"]
[Result "1/2-1/2"]
[WhiteElo "2529"]
[BlackElo "2572"]
[EventDate "2019.12.26"]
[Board "57"]

1. d4 Nf6 2. c4 g6 3. Nc3 d5 4. cxd5 Nxd5 5. e4 Nxc3 6. bxc3 Bg7 7. Nf3 c5
8. Be3 Qa5 9. Nd2 Bd7 10. Nb3 Qxc3+ 11. Bd2 Qb2 12. Bc1 Qc3+ 13. Bd2 Qb2
14. Bc1 1/2-1/2

[Event "World Rapid 2019"]
[Site "Moscow RUS"]
[Date "2019.12.28"]
[Round "15"]
[White "Bluebaum, Matthias"]
[Black "Mesropov, Konstantin"]
[Result "1/2-1/2"]
[WhiteElo "2561"]
[BlackElo "2431"]
[EventDate "2019.12.26"]
[Board "58"]

1. d4 e6 2. c4 b6 3. e4 Bb4+ 4. Bd2 Bxd2+ 5. Qxd2 d5 6. Nc3 dxe4 7. Nxe4
Bb7 8. Nc3 Nf6 9. O-O-O O-O 10. Nge2 Nbd7 11. Rg1 c5 12. g4 cxd4 13. Nxd4
Nc5 14. Qe3 Qc7 15. g5 Nfe4 16. Nxe4 Nxe4 17. Bd3 Nd6 18. Kb1 g6 19. b3
Rfe8 20. Qe5 Rac8 21. f4 Qc5 22. Qxc5 bxc5 23. Ne2 Rcd8 24. Nc3 Bc6 25.
Rge1 Bf3 26. Rd2 Nf5 27. Kc1 Nd4 28. Re5 Rc8 29. Be4 Re7 30. Rd3 Ne2+ 31.
Nxe2 Bxe2 32. Rd6 Bg4 33. Kb2 Kg7 34. Kc3 Rec7 35. Bg2 Bf5 36. Re1 h6 37.
h4 hxg5 38. hxg5 Kf8 39. Rh1 Ke7 40. Rd2 a5 41. Re1 Rh8 42. Rh1 Rb8 43. Bh3
Rh8 44. Bg2 Rb8 45. Bh3 Rh8 46. Rdh2 Be4 47. Bg2 Bxg2 48. Rxh8 Bxh1 49.
Rxh1 Rd7 50. Rh8 Rd4 51. Rc8 Rxf4 52. Rxc5 Rf5 53. Rxf5 gxf5 54. Kd4 f4 55.
Ke4 e5 56. a3 Kd6 57. b4 axb4 58. axb4 Kc6 59. c5 Kb5 60. Kf3 Kc6 61. Ke4
Kb5 62. Kf3 Kc6 63. Ke4 1/2-1/2

[Event "World Rapid 2019"]
[Site "Moscow RUS"]
[Date "2019.12.28"]
[Round "15"]
[White "Sethuraman, S.P."]
[Black "Ismagambetov, Anuar"]
[Result "1/2-1/2"]
[WhiteElo "2560"]
[BlackElo "2420"]
[EventDate "2019.12.26"]
[Board "59"]

1. e4 c5 2. Nf3 Nc6 3. Bb5 g6 4. Bxc6 bxc6 5. d4 cxd4 6. Qxd4 f6 7. c4 d6
8. Nc3 c5 9. Qd3 Nh6 10. O-O Nf7 11. b3 Bg7 12. Bb2 O-O 13. Rfe1 Rb8 14. h3
Bb7 15. Rad1 Bc6 16. Qc2 Qc7 17. Nd5 Qb7 18. Bc3 Ra8 19. h4 a5 20. h5 g5
21. Nh2 a4 22. Ng4 axb3 23. axb3 Rab8 24. Nge3 Nh6 25. Nf5 Nxf5 26. exf5
Bxd5 27. Rxd5 Qxb3 28. Qd3 Rf7 29. g4 Bf8 30. Kg2 Qb7 31. Qe4 Qc6 32. Bd2
Rb2 33. Bc3 Rb3 34. Bd2 Rb2 35. Be3 Rb4 36. Ra1 Qb7 37. Kf3 Bg7 38. Bd2
Rb3+ 39. Be3 Rb4 40. Ra3 Rf8 41. Bd2 Rb6 42. Qe6+ Rf7 43. Qe4 Rf8 44. Re3
Rf7 45. Kg3 Ra6 46. Qc2 Rb6 47. Qe4 Ra6 48. Kf3 Rb6 49. Re1 Rb3+ 50. Be3
Rb4 51. Ra1 Rf8 52. Qe6+ Kh8 53. Qe4 Rb8 54. Ra2 Bf8 55. Ra3 Rb1 56. Rd2
Kg8 57. Qxb7 R8xb7 58. Ke4 Kf7 59. Kd5 R7b6 60. Ra8 Rg1 61. f3 Re1 62. Rd3
Bg7 63. Ra2 Bf8 64. Ra8 Bg7 65. Ra2 Bf8 66. Ke4 1/2-1/2

[Event "World Rapid 2019"]
[Site "Moscow RUS"]
[Date "2019.12.28"]
[Round "15"]
[White "Tran, Tuan Minh"]
[Black "Alonso Rosell, Alvar"]
[Result "1/2-1/2"]
[WhiteElo "2511"]
[BlackElo "2628"]
[EventDate "2019.12.26"]
[Board "60"]

1. d4 Nf6 2. c4 e6 3. Nf3 d5 4. Nc3 Bb4 5. cxd5 exd5 6. Bf4 Ne4 7. Rc1 Nc6
8. Qb3 g5 9. Be3 f5 10. g3 Rf8 11. Bg2 Bxc3+ 12. bxc3 f4 13. Bd2 g4 14.
Bxf4 gxf3 15. Bxf3 Nf6 16. O-O Na5 17. Qc2 Bh3 18. Qa4+ c6 19. Rfe1 Bf5 20.
Bg2 Kf7 21. f3 Re8 22. Bg5 Qb6 23. e4 dxe4 24. Qc2 Bg6 25. fxe4 Nd7 26. Qd2
Kg8 27. c4 c5 28. Rb1 Qc7 29. Bf4 Qd8 30. Bg5 Qc7 31. Bf4 Qd8 32. Bg5 Qc7
33. Bf4 Qd8 34. Bg5 1/2-1/2

[Event "World Rapid 2019"]
[Site "Moscow RUS"]
[Date "2019.12.28"]
[Round "15"]
[White "Baron, Tal"]
[Black "Grigoriants, Sergey"]
[Result "1/2-1/2"]
[WhiteElo "2455"]
[BlackElo "2603"]
[EventDate "2019.12.26"]
[Board "61"]

1. Nf3 d5 2. d4 Nf6 3. Bf4 Bf5 4. e3 e6 5. c4 Bxb1 6. Qxb1 Bb4+ 7. Kd1 Bd6
8. Bg5 c6 9. Bd3 Nbd7 10. Ke2 Qe7 11. Rd1 h6 12. Bh4 O-O 13. Kf1 Rac8 14.
Kg1 a6 15. a3 Rfe8 16. b4 b5 17. c5 Bb8 18. a4 e5 19. dxe5 Nxe5 20. Bf5
Nxf3+ 21. gxf3 Rcd8 22. axb5 axb5 23. Ra6 d4 24. exd4 g5 25. Bg3 Nd5 26.
Qb3 Qe2 27. Bd3 Qe6 28. Bxb5 Bxg3 29. hxg3 Nc7 30. Bc4 Qf6 31. Rb6 Rb8 32.
Kg2 Kg7 33. Qa4 Rxb6 34. cxb6 Ne6 35. d5 Nd4 36. Qa1 cxd5 37. Bxd5 Nc2 38.
Qxf6+ Kxf6 39. b5 Rb8 40. b7 Ke5 41. Bc6 Nb4 42. Rd7 1/2-1/2

[Event "World Rapid 2019"]
[Site "Moscow RUS"]
[Date "2019.12.28"]
[Round "15"]
[White "Postny, Evgeny"]
[Black "Gajewski, Grzegorz"]
[Result "0-1"]
[WhiteElo "2598"]
[BlackElo "2516"]
[EventDate "2019.12.26"]
[Board "62"]

1. d4 Nf6 2. c4 e6 3. Nf3 d5 4. Nc3 Bb4 5. Bg5 h6 6. Bxf6 Qxf6 7. e3 O-O 8.
Rc1 dxc4 9. Bxc4 c5 10. O-O cxd4 11. Ne4 Qe7 12. Nxd4 Bd7 13. Qh5 Nc6 14.
Nb3 Rac8 15. Rfd1 Nb8 16. Bb5 Rxc1 17. Rxc1 f5 18. Bxd7 Nxd7 19. Ng3 Ne5
20. Qe2 Bd6 21. Nd4 Kh7 22. Nf1 a6 23. h3 Ng6 24. Qc2 Nh4 25. g3 e5 26. Ne2
Nf3+ 27. Kg2 e4 28. Rd1 Bb4 29. Qb3 Bd6 30. Nd2 Bb4 31. Nc4 b5 32. Nb6 Bd2
33. Nd5 Qf7 34. Ng1 Rd8 35. Nc3 Qxb3 36. axb3 Nxg1 37. Kxg1 Rd3 38. Ne2 Bb4
39. Rb1 Kg6 40. Ra1 Rd6 41. Rc1 Kf6 42. Nd4 Ba5 43. Ra1 Bd8 44. Kg2 g6 45.
g4 fxg4 46. hxg4 Kg5 47. Kh3 Rf6 48. Rc1 Bb6 49. Rd1 Rxf2 50. Ne6+ Kf6 51.
Nf4 Bxe3 52. Nd5+ Ke5 53. Kg3 Bd4 54. Nb4 Rf3+ 55. Kg2 Bxb2 56. Nxa6 Rxb3
57. Nc5 Rc3 58. Nd7+ Kf4 59. Rf1+ Rf3 60. Rb1 Bd4 61. Rxb5 Rf2+ 62. Kh3 e3
63. Rb4 e2 64. Rxd4+ Ke3 65. Rd6 e1=Q 66. Re6+ Kd2 67. Rxe1 Kxe1 68. g5
hxg5 69. Ne5 Rf4 70. Nxg6 Kf2 0-1

[Event "World Rapid 2019"]
[Site "Moscow RUS"]
[Date "2019.12.28"]
[Round "15"]
[White "Yanchenko, Roman"]
[Black "Belov, Vladimir"]
[Result "1/2-1/2"]
[WhiteElo "2447"]
[BlackElo "2581"]
[EventDate "2019.12.26"]
[Board "63"]

1. d4 Nf6 2. c4 g6 3. Nf3 Bg7 4. Nc3 d5 5. Bf4 O-O 6. c5 b6 7. b4 a5 8.
cxb6 cxb6 9. bxa5 Ne4 10. Qb3 Nxc3 11. Qxc3 bxa5 12. e3 Qb6 13. Bd3 Ba6 14.
O-O Rc8 15. Qd2 Bxd3 16. Qxd3 Nd7 17. a4 Rc4 18. Nd2 Rb4 19. Rfc1 e5 20.
dxe5 Nxe5 21. Bxe5 Bxe5 22. Qxd5 Bxh2+ 23. Kxh2 Rd8 24. Qe5 Rxd2 25. Rc8+
Rd8 26. Rac1 Rh4+ 27. Kg3 Rh5 28. Qe7 Rxc8 29. Rxc8+ Kg7 30. Qf8+ Kf6 31.
Qh8+ Kf5 32. Rc4 Qd6+ 33. Rf4+ Kg5 34. Qg7 f6 35. Qb7 Kh6 36. Qf7 Rg5+ 37.
Kh3 Rh5+ 38. Kg3 Rg5+ 39. Kh3 Rh5+ 40. Kg3 Rg5+ 1/2-1/2

[Event "World Rapid 2019"]
[Site "Moscow RUS"]
[Date "2019.12.28"]
[Round "15"]
[White "Vokhidov, Shamsiddin"]
[Black "Bosiocic, Marin"]
[Result "1-0"]
[WhiteElo "2486"]
[BlackElo "2575"]
[EventDate "2019.12.26"]
[Board "64"]

1. e4 c5 2. Nf3 e6 3. d4 cxd4 4. Nxd4 Nc6 5. Nc3 Qc7 6. Be3 a6 7. Qf3 b5 8.
Qg3 Qxg3 9. hxg3 Bb7 10. f3 Nxd4 11. Bxd4 Ne7 12. O-O-O Nc6 13. Be3 Rc8 14.
g4 f6 15. g5 fxg5 16. Bxg5 Be7 17. Bxe7 Kxe7 18. a4 b4 19. Ne2 Ne5 20. Nd4
h5 21. Nb3 Rc7 22. Na5 Bc6 23. b3 g5 24. Bxa6 h4 25. Be2 Ra8 26. Nxc6+ Rxc6
27. Bb5 Rc7 28. f4 gxf4 29. Rxh4 Rf8 30. Rh5 Ng4 31. Rxd7+ Rxd7 32. Rh7+
Kf6 33. Rxd7 Ne3 34. a5 Rc8 35. a6 Nxc2 36. Kd2 Ke5 37. a7 Nd4 38. Rxd4
Kxd4 39. Bc6 1-0

[Event "World Rapid 2019"]
[Site "Moscow RUS"]
[Date "2019.12.28"]
[Round "15"]
[White "Savchenko, Boris"]
[Black "Zarnicki, Pablo"]
[Result "1-0"]
[WhiteElo "2569"]
[BlackElo "2504"]
[EventDate "2019.12.26"]
[Board "65"]

1. e4 e5 2. Nf3 Nf6 3. Nxe5 d6 4. Nf3 Nxe4 5. Nc3 Nxc3 6. dxc3 Be7 7. Bf4
O-O 8. Qd2 b6 9. O-O-O Bb7 10. Bc4 Nd7 11. Rhe1 Nf6 12. Qe2 Ne4 13. Rd5 Nf6
14. Rd4 c5 15. Qxe7 Qxe7 16. Rxe7 Bxf3 17. Rxd6 Bxg2 18. Rxf6 gxf6 19. Bh6
a5 20. a4 Bc6 21. b3 f5 22. f4 Rae8 23. Rc7 Be4 24. Kb2 Rd8 25. Bxf8 Rxf8
26. Bd3 Re8 27. Bc4 Rf8 28. Rd7 Kg7 29. Rd6 Rb8 30. b4 cxb4 31. cxb4 axb4
32. Kb3 Rc8 33. Rd2 Bc6 34. Rd4 Ra8 35. Bb5 Be4 36. Rxb4 Rd8 37. Kc3 Rd1
38. Bc4 Rh1 39. Rxb6 Rxh2 40. Bd3 Rh1 41. Bxe4 fxe4 42. Kd4 Ra1 43. Ra6 f5
44. Ra7+ Kg6 45. c4 h5 46. Ra6+ Kg7 47. Ra7+ Kf6 48. a5 h4 49. Ra6+ Kg7 50.
Ra7+ Kg6 51. Ra8 Kh5 52. c5 Ra4+ 53. Ke5 Kg4 54. c6 e3 55. c7 e2 56. c8=Q
e1=Q+ 57. Kf6 Qa1+ 58. Kg6 Rxf4 59. Qc2 Qh1 60. Rg8 Kh3 61. Kh7 Qd5 62. a6
Qf7+ 63. Rg7 Qh5+ 64. Kg8 Qe8+ 65. Kh7 Qh5+ 66. Kg8 Rg4 67. Qd3+ Rg3 68.
Qf1+ Kh2 69. Qf2+ Kh3 70. Qf1+ Kh2 71. Qf4 Kg2 72. Qe5 Qd1 73. a7 Qd8+ 74.
Kh7 Rxg7+ 75. Qxg7+ Kh2 76. Qb2+ Kh3 77. Qb7 Qe8 78. Qf3+ Kh2 79. a8=Q Qf7+
80. Kh8 Qf6+ 81. Kg8 Qg6+ 82. Kf8 Qf6+ 83. Ke8 Qe6+ 84. Kd8 Qd6+ 85. Kc8
Qf8+ 86. Kd7 Qf7+ 87. Kd6 Qf6+ 88. Kc5 Qe7+ 89. Kc4 Qe6+ 90. Qad5 Qa6+ 91.
Kb3 Qb6+ 92. Kc2 Qc7+ 93. Qc6 1-0

[Event "World Rapid 2019"]
[Site "Moscow RUS"]
[Date "2019.12.28"]
[Round "15"]
[White "Donchenko, Alexander"]
[Black "Huzman, Alexander"]
[Result "1-0"]
[WhiteElo "2567"]
[BlackElo "2484"]
[EventDate "2019.12.26"]
[Board "66"]

1. c4 e6 2. Nc3 d5 3. d4 Nf6 4. cxd5 exd5 5. Bg5 c6 6. e3 Bf5 7. Qf3 Be6 8.
Bxf6 Qxf6 9. Qxf6 gxf6 10. Bd3 Nd7 11. Nge2 Nb6 12. Nf4 Nc8 13. e4 Bh6 14.
Nh5 Ke7 15. exd5 cxd5 16. O-O Nb6 17. f4 f5 18. Rfe1 Kd8 19. Nb5 Bf8 20.
Rac1 Bb4 21. Re2 Rc8 22. Rxc8+ Nxc8 23. Ng7 Bd7 24. Nxf5 Bxb5 25. Bxb5 Nd6
26. Re5 Nxf5 27. Rxf5 Ke7 28. Rxd5 Rd8 29. Rxd8 Kxd8 30. Kf2 Bd2 31. Kf3
Ke7 32. g4 Be1 33. g5 Kf8 34. Bd3 Kg7 35. Kg4 Bf2 36. d5 Bc5 37. h4 h6 38.
h5 Bd6 39. Kf5 Be7 40. Bb5 b6 41. b3 Kh7 42. Be8 1-0

[Event "World Rapid 2019"]
[Site "Moscow RUS"]
[Date "2019.12.28"]
[Round "15"]
[White "Drygalov, Sergey"]
[Black "Nozdrachev, Vladislav"]
[Result "1/2-1/2"]
[WhiteElo "2444"]
[BlackElo "2558"]
[EventDate "2019.12.26"]
[Board "67"]

1. d4 Nf6 2. c4 e6 3. Nf3 b6 4. g3 Ba6 5. Qc2 d5 6. cxd5 exd5 7. Bg2 Bd6 8.
O-O O-O 9. Nc3 c6 10. Re1 Nbd7 11. e4 dxe4 12. Nxe4 Nxe4 13. Rxe4 Nf6 14.
Bg5 Rc8 15. Qb3 h6 16. Bxf6 Qxf6 17. Ne5 Bxe5 18. dxe5 Qe7 19. e6 Kh8 20.
Rae1 fxe6 21. Rxe6 Qf7 22. Qe3 Bc4 23. Re7 Qf6 24. b3 Bd5 25. f4 Rf7 26.
Re5 1/2-1/2